000 00741nam a2200265 i 4500
001 C2-0278721
003 PPAK
005 20180728010226.0
008 070403s2007 my a|||| ||||| | eng d
020 _a9833447104
040 _aPPAK
_beng
_cPPAK
_erda
082 0 4 _a428.6
_223
090 0 0 _a428.6
_bHAI
_dK
100 0 _aHaisson,
_eauthor
245 1 4 _aThe sugarcane and the palm tree
264 1 _aSubang Jaya, Selangor :
_bMika Cemerlang ,
_c2007
300 _a15 pages :
_bcolour illustrations ;
_c22 cm
336 _2rdacontent
_atext
337 _2rdamedia
_aunmediated
338 _2rdacarrier
_avolume
490 1 _aSmart reading series
650 1 0 _aReaders - Fiction.
830 0 _aSmart reading series
942 _ddc
_cB
999 _c85566
_d85566